书目信息 |
| 题名: |
建筑摄影
|
|
| 作者: | 楼庆西 著 | |
| 分册: | ||
| 出版信息: | 北京 中国建筑工业出版社 1996.11 |
|
| 页数: | 106页 | |
| 开本: | 16开 | |
| 丛书名: | ||
| 单 册: | ||
| 中图分类: | J419.3 | |
| 科图分类: | ||
| 主题词: | 摄影技术--普及读物 , 摄影艺术--各种 | |
| 电子资源: | ||
| ISBN: | 7-112-02835-3 | |
| 000 | 00569nam0 2200205 45 | |
| 001 | 0011251687 | |
| 005 | 20001228165451.7 | |
| 010 | @a7-112-02835-3@d23.60元 | |
| 100 | @a20001125d1996 km y0chiy0120 ea | |
| 101 | 0 | @achi |
| 105 | @a z 000yy | |
| 200 | 1 | @a建筑摄影@AJian Zhu She Ying@f楼庆西著@FLou Qing XiZhu |
| 210 | @a北京@c中国建筑工业出版社@d1996.11 | |
| 215 | @a106页@d16开 | |
| 606 | 0 | @a摄影技术@x普及读物 |
| 606 | 0 | @a摄影艺术@x各种 |
| 690 | @aJ419.3@v3 | |
| 701 | 0 | @a楼庆西@4著 |
| 801 | @aCN@bPftUser@c20001125 | |
| 905 | @dJ419.3@eL896@b317505-509@f5 | |
| 建筑摄影/楼庆西著.-北京:中国建筑工业出版社,1996.11 |
| 106页;16开 |
| ISBN 7-112-02835-3:23.60元 |
| ● |
| 相关链接 |
|
|
|
正题名:建筑摄影
索取号:J419.3/L896
 
预约/预借
| 序号 | 登录号 | 条形码 | 馆藏地/架位号 | 状态 | 备注 |
| 1 | 317505 | 203175054 | 自科二线404/404自科库 14排4列3层/ [索取号:J419.3/L896] | 在馆 | |
| 2 | 317506 | 203175063 | 自科二线404/404自科库 4排1列3层/ [索取号:J419.3/L896] | 在馆 | |
| 3 | 317507 | 203175072 | 自科二线404/404自科库 4排1列3层/ [索取号:J419.3/L896] | 在馆 | |
| 4 | 317508 | 203175081 | 自科二线404/404自科库 18排3列1层/ [索取号:J419.3/L896] | 在馆 | |
| 5 | 317509 | 203175090 | 自科二线404/309社科库 84排3列5层/ [索取号:J419.3/L896] | 在馆 |